House prices rise on scarcity and London effect (Record no. 113791)
[ view plain ]
| 000 -LEADER | |
|---|---|
| fixed length control field | 01049cad a22002055a 4500 |
| 001 - CONTROL NUMBER | |
| control field | L155747 |
| 008 - FIXED-LENGTH DATA ELEMENTS--GENERAL INFORMATION | |
| fixed length control field | 120413e20120402xxk f 000 0 eng d |
| 035 ## - SYSTEM CONTROL NUMBER | |
| System control number | (Sirsi) u155747 |
| 041 0# - LANGUAGE CODE | |
| Language code of text/sound track or separate title | eng |
| 100 1# - MAIN ENTRY--PERSONAL NAME | |
| Personal name | Donnell, Richard |
| 245 00 - TITLE STATEMENT | |
| Title | House prices rise on scarcity and London effect |
| Medium | [electronic resource] |
| 260 ## - PUBLICATION, DISTRIBUTION, ETC. | |
| Date of publication, distribution, etc. | 2011 |
| 490 #0 - SERIES STATEMENT | |
| Series statement | Hometrack Monthly National Housing Survey |
| Volume/sequential designation | 2 April 2012 |
| 520 ## - SUMMARY, ETC. | |
| Summary, etc. | House prices posted a monthly price rise for the first time in 20 months in March 2012 on the back of increased demand, activity and a scarcity of housing for sale. The ending of the first time buyer stamp duty holiday may have boosted demand but London, where prices rose by 0.5% continues to drive the national headline figure. |
| 590 ## - LOCAL NOTE (RLIN) | |
| Local note | KA |
| 651 #4 - SUBJECT ADDED ENTRY--GEOGRAPHIC NAME | |
| Geographic name | United Kingdom |
| Chronological subdivision | |
| 690 ## - LOCAL SUBJECT ADDED ENTRY--TOPICAL TERM (OCLC, RLIN) | |
| Topical term or geographic name as entry element | Residential property |
| 9 (RLIN) | 6266 |
| 856 40 - ELECTRONIC LOCATION AND ACCESS | |
| Uniform Resource Identifier | <a href="https://www.hometrack.co.uk/our-insight/monthly-national-house-price-survey/house-prices-rise-on-scarcity-and-london-effect">https://www.hometrack.co.uk/our-insight/monthly-national-house-price-survey/house-prices-rise-on-scarcity-and-london-effect</a> |
| Public note | View this item free of charge at www.hometrack.co.uk |
| 942 ## - ADDED ENTRY ELEMENTS (KOHA) | |
| Suppress in OPAC | 0 |
| Withdrawn status | Lost status | Source of classification or shelving scheme | Damaged status | Not for loan | Home library | Current library | Shelving location | Date acquired | Total Checkouts | Full call number | Barcode | Date last seen | Copy number | Price effective from | Koha item type |
|---|---|---|---|---|---|---|---|---|---|---|---|---|---|---|---|
| Dewey Decimal Classification | Virtual | Virtual | Online | 13/04/2012 | ONLINE PUBLICATION | 155747-2001 | 06/08/2019 | 1 | 06/08/2019 | Book |